000 00398nam a2200145 a 4500
005 20140412111420.0
008 070928s19uu xx 00 eng d
020 _a0-06-443055-3
050 _aTR(PS E
_bWh56 1984
100 _aSendak, Maurice
245 _aWhere the wild things are /
_cMaurice Sendak.
260 _aU.S.A :
_bHarper and Row Pub,
_c1984.
300 _a1 v. unp.
999 _c106001
_d106001